00696nam a2200217 i 4500003000900000005001700009007000300026008004100029020001800070040003000088082001400118100005000132245005000182250001800232264003900250300002900289336002700318337003400345338002800379500007100407DO-SdBNP20240919095500.0ta240919s2024 dr 000 f spa d a9789945654103 aDO-SdBNPbspacBNPHUerda bP438c222 4aut.aPérez Berroa, Andrés,d1970-eautor10aCiudad del olvido /cAndrés Pérez Berroa  a1a. edición 1aSanto Domingo :bSantuario,c2024. a329 páginas, c23 cm. 2rdacontentatextobtxt 2rdamediaasin mediación bn 2rdacarrieravolumenbnc aIncluye datos biográficos del autor en la solapa de la portada.